| 000 | 01351nam a22003737a 4500 | ||
|---|---|---|---|
| 005 | 20090114143631.0 | ||
| 008 | 750920c19729999ii qr p 0 a0eng | ||
| 010 | _a 72901031 | ||
| 022 |
_a0970-8448 _y0032-6690 |
||
| 035 | _a(OCoLC)ocm01641743 | ||
| 040 |
_aDLC _cMnMULS _dCtY _dMH _dDLC _dNST _dDLC _dNST _dICRL _dOCoLC |
||
| 042 | _alc | ||
| 043 | _aa-ii--- | ||
| 050 |
_aHG1505 _b.P7 |
||
| 082 |
_a332.10954 _219 |
||
| 245 | _aJournal of social and management sciences | ||
| 247 | _aPrajnan | ||
| 260 |
_aBombay, _bNational Institute of Bank Management. |
||
| 300 |
_av. _c25 cm. |
||
| 310 | _aQuarterly | ||
| 362 | _av. 1- Jan./Mar. 1972- | ||
| 550 | _aJournal of the National Institute of Bank Management. | ||
| 590 | _aSERBIB/SERLOC merged record | ||
| 650 |
_aBanks and banking _zIndia _vPeriodicals. |
||
| 650 |
_aBank management _vPeriodicals. |
||
| 710 | _aNational Institute of Bank Management (India) | ||
| 270 |
_aNIBM Post Office, Kondhwe Khurd _bPune _dIndia _e411048 |
||
| 906 |
_a7 _bcbc _cserials _d3 _encip _f19 _gn-oclcserc |
||
| 936 | _aJan./Mar. 1982 | ||
| 942 |
_2ddc _cSR _h332.10954 _mPRA _s1 |
||
| 999 |
_c20978 _d20978 |
||